|
|
|
|
| LEADER |
00000cam a2200000 a 4500 |
| 001 |
UCD3974 |
| 003 |
CL-VaPUC |
| 008 |
160623e19910000cr |||||||||||||||||spa|d |
| 020 |
|
|
|a 997747141X
|
| 082 |
0 |
4 |
|a 340.1
|b PER
|2 21
|
| 100 |
|
|
|a Pérez Vargas, Víctor
|e autor
|9 587594
|
| 245 |
1 |
3 |
|a La jurisprudencia de intereses
|
| 250 |
|
|
|a 2a. ed
|
| 300 |
|
|
|a 86 p
|
| 942 |
|
|
|c BK
|
| 945 |
|
|
|d 20160623 20:47:00
|a dcastane
|
| 260 |
|
|
|a San José
|b Tibas
|c 1991
|
| 650 |
|
0 |
|a Filosofía del derecho
|9 255050
|
| 650 |
|
0 |
|a Jurisprudencia
|9 255952
|
| 583 |
|
|
|a last modification
|c 20160623 20:47:00
|k Rodrigo Vera
|
| 999 |
|
|
|c 364960
|d 364958
|
| 952 |
|
|
|0 0
|1 0
|3 erb
|4 0
|6 340_100000000000000_PER_1991
|7 0
|8 A
|9 478601
|a BIBDER
|b BIBDER
|i 5313740
|o 340.1 PER 1991
|p 5313740
|r 2023-01-25
|w 2019-11-24
|y BK
|z Catalogado en:20160623
|k DER
|